| 000 | 06870cam a22012614i 4500 | ||
|---|---|---|---|
| 003 | PE-LiUPU | ||
| 005 | 20250813185635.0 | ||
| 008 | 150706s2010 pe a r 000 0 spa d | ||
| 020 | _a9786124506932 | ||
| 035 | _a(Sirsi) i9786124506932 | ||
| 040 |
_aPE-LiUPU _bspa _cPE-LiUPU _erda |
||
| 049 | _aPRUA | ||
| 082 | 0 | 4 |
_a343.602 _bC29 _221 |
| 082 | 0 | 4 |
_a343.605 _bC29 2010 |
| 100 | 1 |
_aCastañeda Santos, Victoriano, _d1945- , _eautor. |
|
| 245 | 1 | 0 |
_aManual para la administración de bienes patrimoniales estatales : _bimplementación institucional / _cVictoriano Castañeda Santos. |
| 264 | 1 |
_aLima : _bCEPREACCSA, _c2010. |
|
| 300 |
_axxxi, 687 p : _bilustraciones ; _c21 centímetros. |
||
| 336 |
_atext _2rdacontent |
||
| 337 |
_aunmediated _2rdamedia |
||
| 338 |
_avolume _2rdacarrier |
||
| 500 | _aSubtítulo de la cubierta. | ||
| 505 | 0 | _aImplementación institucional de las normas sobre bienes patrimoniales estatales -- Del sistema nacional de bienes estatales -- Del catálogo nacional de bienes muebles del estado (CNBME) -- Del reglamento para el inventario nacional de bienes muebles del estado -- Del reglamento de la ley N° 29151-Ley general del sistema nacional de bienes estatales -- Del registro único obligatorio de bienes estatales -- De los bienes muebles estatales -- De los bienes inmuebles -- De los procedimientos específicos -- Aspectos generales y específicos sobre bienes patrimoniales -- Concepto y clases -- Patrimonio -- Obtención -- Clasificación -- Codificación -- Identificación -- La oficina de control patrimonial -- Sobre el ex - comité de gestión patrimonial (CGP) -- Sobre la competencia de la oficina de control patrimonial -- Sobre la estructura, ubicación y dependencia jerárquica de la oficina de control patrimonial -- Estructura orgánica de la oficina de control patrimonial -- Funciones generales de la oficina de control patrimonial -- Sobre las funciones específicas de la oficina de control patrimonial -- Sobre las funciones específicas de las unidades orgánicas integrantes de la oficina de patrimonial -- Sobre las relaciones de la oficina de control patrimonial -- Relaciones intersistémicas de la oficina de control patrimonial -- Con la oficina de abastecimiento -- Con la oficina de contabilidad -- Delimitación funcional intersistémica de la oficina de control patrimonial -- Con el plan contable gubernamental -- Con el sistema integrado de administración financiera - sector público (SIAF - SP) -- Incorporación física y contable de bienes al patrimonio institucional -- Incorporación física y contable de bienes patrimoniales -- Registro de los bienes estatales -- Control de bienes estatales -- Inventario físico -- Valorización de bienes patrimoniales -- Actualización del valor monetario de los bienes patrimoniales -- Depreciación -- Lineamientos generales sobre bienes patrimoniales estatales -- Baja y venta de los bienes patrimoniales estatales -- Reposición, reparación y recuperación personal de bienes patrimoniales estatales -- Saneamiento legal, técnico y contable e inscripción de inmuebles -- Trámite de inscripción en los registros públicos y en el SINABIP de la SBN -- Verificación de la información documentada sobre inmuebles -- Padrón general de inmuebles propios -- Misceláneas sobre el tema -- La función notarial del cónsul peruano -- Aplicaciones sobre donaciones -- Aplicación sobre legado de predios -- Función organizacional de la propiedad inmobiliaria -- Los principios de la valuación de bienes -- Secretos para ejercitar la memoria -- La prescripción adquisitiva de dominio en la propiedad rústica -- Ventajas del outsourcing para mejorar los servicios públicos -- Propiedad estatal sobre tierras Eriazas -- Prescripción adquisitiva y la posesión pacífica -- La propiedad privada y las leyes de reversión al dominio del estado -- Precisan cobro del predial -- Régimen de obras por impuestos -- Sepa más acerca de la declaratoria de fábrica -- Glosario de términos -- Relación alfabética de términos -- Detalle de los términos -- Relación de dispositivos legales sobre bienes patrimoniales estatales -- Dispositivos legales sobre bienes patrimoniales estatales, complementarios de la ley N° 29151 y su reglamento (DS N° 007-2008-VIVIENDA) -- Relación de flujogramas sobre acciones propias de la oficina de control patrimonial. | |
| 526 | _aP202 | ||
| 526 | _aP201 | ||
| 526 | _aP163 | ||
| 526 | _aP162 | ||
| 526 | _aP161 | ||
| 526 | _aP160 | ||
| 526 | _aP148 | ||
| 526 | _aP147 | ||
| 526 | _aP146 | ||
| 526 | _aP145 | ||
| 526 | _aP144 | ||
| 526 | _aP143 | ||
| 526 | _aP142 | ||
| 526 | _aP141 | ||
| 526 | _aP140 | ||
| 526 | _aP139 | ||
| 526 | _aP138 | ||
| 526 | _aP137 | ||
| 526 | _aP136 | ||
| 526 | _aP135 | ||
| 526 | _aP134 | ||
| 526 | _aP133 | ||
| 526 | _aP129 | ||
| 526 | _aP128 | ||
| 526 | _aP127 | ||
| 526 | _aP120 | ||
| 526 | _aP119 | ||
| 526 | _aP118 | ||
| 526 | _aP116 | ||
| 526 | _aP115 | ||
| 526 | _aP114 | ||
| 526 | _aP110 | ||
| 526 | _aP109 | ||
| 526 | _aP108 | ||
| 526 | _aP104 | ||
| 526 | _aP103 | ||
| 526 | _aP102 | ||
| 526 | _aP99 | ||
| 526 | _aP98 | ||
| 526 | _aP97 | ||
| 526 | _aP96 | ||
| 526 | _aP95 | ||
| 526 | _aP93 | ||
| 526 | _aP90 | ||
| 526 | _aP89 | ||
| 526 | _aP88 | ||
| 526 | _aP83 | ||
| 526 | _aP82 | ||
| 526 | _aP62 | ||
| 526 | _aP59 | ||
| 526 | _aP58 | ||
| 526 | _aP57 | ||
| 526 | _aP51 | ||
| 526 | _aP49 | ||
| 526 | _aP48 | ||
| 526 | _aP47 | ||
| 526 | _aP29 | ||
| 526 | _aP24 | ||
| 526 | _aP20 | ||
| 526 | _aP19 | ||
| 526 | _aP17 | ||
| 526 | _aP15 | ||
| 526 | _aP14 | ||
| 526 | _aP12 | ||
| 526 | _aP10 | ||
| 526 | _aP09 | ||
| 526 | _aP08 | ||
| 526 | _aP07 | ||
| 526 | _aP06 | ||
| 526 | _aP05 | ||
| 526 | _aP04 | ||
| 526 | _aP01 | ||
| 541 | _g001-000107; | ||
| 650 | 0 | 4 |
_aBienes patrimoniales _zPerú . |
| 910 | _agl20131114 | ||
| 910 |
_btqv _cwelc _d20161125 |
||
| 942 |
_2ddc _cBOOK |
||
| 949 |
_a343.602 C29 _wDEWEY _c1 _i69079 _lCCODEBUL1 _mBUL _p30.00 _r0 _sY _tBOOK _u2015-7-6 _xFCE _PP08 _o.STAFF. Colección General |
||
| 949 |
_a343.605 C29 2010 _wDEWEY _c1 _iFJ04507 _lCCODEBUJ1 _mBUJ _p27.00 _r0 _sY _tBOOK _u2016-11-25 _xFCE _PP04 _0COMPRA _o.STAFF. Colección General Juliaca |
||
| 994 |
_aC0 _bPEPRU |
||
| 596 | _a1 3 | ||
| 999 |
_a343.602 C29 _wDEWEY _c56161 _i69079 _d56161 _f2021-11-5 _g6 _lCCODEBUL1 _mBUL _p30.00 _q1 _r0 _sY _tBOOK _u2015-7-6 _xFCE _PP08 _0COMPRA _o.STAFF. Colección General |
||
| 999 |
_a343.605 C29 2010 _wDEWEY _c1 _iFJ04507 _d2019-6-10 _e2019-6-7 _f2022-1-18 _g3 _lCCODEBUJ1 _mBUJ _n3 _p27.00 _q2 _r0 _sY _tBOOK _u2015-10-14 _xFCE _PP04 _0COMPRA _o.STAFF. Colección General Juliaca |
||
| 980 |
_81 _gALBERTO SANCHEZ Responsable de Automatización |
||